名前に「国」を含む駅 - Statistics

General Stats
  • This quiz has been taken 180 times
  • The average score is 36 of 68
Answer Stats
Hint Answer % Correct
予讃線 国分
98%
日豊本線 国分
98%
熊本市電 国分
98%
中央本線西武国分寺線 西武多摩湖線 国分寺
96%
中央本線 国立
92%
中央本線武蔵野線 西国分寺
89%
山陽新幹線 新岩国
86%
山陽本線岩徳線 岩国
86%
山陰本線 国府
85%
名鉄名古屋本線名鉄豊川線 国府
85%
東急こどもの国線 こどもの国
84%
名鉄蒲郡線 こどもの国
84%
鶴見線 国道
83%
中央・総武緩行線 都営大江戸線 両国
80%
東海道本線御殿場線 国府津
77%
阪急宝塚本線 三国
77%
えちぜん鉄道三国芦原線 三国
77%
東京メトロ丸ノ内線東京メトロ千代田線 国会議事堂前
73%
りんかい線 国際展示場
72%
相鉄新横浜線相鉄・JR直通線 羽沢横浜国大
71%
仙山線 国見
65%
京王線 国領
65%
土佐くろしお鉄道宿毛線 国見
65%
都営大江戸線 国立競技場
64%
南武線 西国立
62%
京都市営地下鉄烏丸線 国際会館
62%
東京メトロ有楽町線 護国寺
59%
名鉄空港線 中部国際空港
59%
大阪メトロ御堂筋線大阪メトロ四つ橋線 大国町
59%
南海高野線 三国ヶ丘
57%
岩徳線 西岩国
56%
仙台市営地下鉄東西線 国際センター
56%
名古屋市営地下鉄桜通線 国際センター
56%
大阪メトロ御堂筋線 東三国
56%
山陽本線 南岩国
53%
阪急今津線 阪神国道
53%
阪和線 三国ケ丘
49%
錦川鉄道線 清流新岩国
49%
えちぜん鉄道三国芦原線 三国港
48%
津軽線 中小国
47%
米坂線 小国
47%
名鉄名古屋本線 国府宮
47%
ゆりかもめ 東京国際クルーズターミナル
46%
両毛線 国定
45%
京成本線 国府台
43%
上越線 上越国際スキー場前
41%
近鉄大阪線 河内国分
41%
北総鉄道北総線 北国分
38%
しなの鉄道線 信濃国分寺
38%
東北本線 国府多賀城
36%
函館本線 国縫
35%
日南線 子供の国
31%
高山本線 飛騨国府
28%
因美線 国英
26%
西鉄天神大牟田線 三国が丘
26%
石北本線 安国
20%
氷見線 越中国分
20%
姫新線 中国勝山
20%
身延線 国母
19%
いすみ鉄道線 国吉
19%
大糸線 千国
18%
大井川鐵道井川線 川根両国
16%
えちぜん鉄道三国芦原線 三国神社
15%
久大本線 古国府
14%
東武宇都宮線 国谷
14%
久大本線 豊後国分
12%
富山地方鉄道富山軌道線 国際会議場前
11%
阪堺線 妙国寺前
5%
No matching quizzes found
Score Distribution
Percent of People with Each Score
Percentile by Number Answered
Your Score History
You have not taken this quiz